[Event "Rijeka Paris Memorial 40th"]
[Site "Rijeka"]
[Date "2019.10.18"]
[Round "1"]
[White "Levar, Nenad"]
[Black "Podobnik, Eugen"]
[Result "1-0"]
[WhiteElo "2086"]
[BlackElo "1587"]
[PlyCount "79"]
[EventDate "2019.10.18"]
[EventType "swiss"]
[EventRounds "9"]
[EventCountry "CRO"]
[SourceTitle "CBM 192 Extra"]
[Source "Chessbase"]
[SourceDate "2019.11.06"]
[SourceVersion "1"]
[SourceVersionDate "2019.11.06"]
[SourceQuality "1"]

1. d4 d5 2. c4 e6 3. Nf3 Nf6 4. g3 Be7 5. Bg2 0-0 6. 0-0 c6 7. Qc2 Bd7 8. Nbd2 Na6 9. a3 Rc8 10. b4 dxc4 11. Nxc4 b6 12. Nfe5 Nd5 13. e4 f6 14. Nxd7 Qxd7 15. exd5 cxd5 16. Nxb6 axb6 17. Qe2 Nc7 18. Re1 Rfe8 19. Bh3 f5 20. Bf4 Bf6 21. Qd2 Nb5 22. Be5 Nc3 23. f3 Bxe5 24. Rxe5 Rc4 25. Bf1 Rc7 26. Rc1 Rec8 27. Kg2 Qa4 28. Qe1 Qxa3 29. Rxe6 Kf7 30. Qe3 Qb2+ 31. Kh3 Qxb4 32. Qe5 g6 33. Qf6+ Kg8 34. Rxb6 Qa3 35. Re1 Rf7 36. Qe6 Qf8 37. Rb7 Qh6+ 38. Kg2 Rcf8 39. Rxf7 Rxf7 40. Qc8+ 1-0

[Event "Rijeka Paris Memorial 39th"]
[Site "Rijeka"]
[Date "2018.11.04"]
[Round "4"]
[White "Podobnik, Eugen"]
[Black "Kaluza, Dominik"]
[Result "1-0"]
[WhiteElo "1483"]
[BlackElo "1503"]
[PlyCount "61"]
[EventDate "2018.11.02"]
[EventType "swiss"]
[EventRounds "9"]
[EventCountry "CRO"]
[SourceTitle "CBM 187 Extra"]
[Source "ChessBase"]
[SourceDate "2018.11.04"]
[SourceVersion "1"]
[SourceVersionDate "2018.11.04"]
[SourceQuality "1"]

1. e4 c6 2. d4 d5 3. exd5 cxd5 4. Nf3 Bf5 5. c4 Nf6 6. Qb3 b6 7. Bf4 e6 8. Nc3 Be7 9. cxd5 Nxd5 10. Bb5+ Kf8 11. Nxd5 Qxd5 12. Qxd5 exd5 13. Rc1 Nd7 14. Rc7 Nf6 15. 0-0 Bd8 16. Rcc1 h6 17. Rfe1 g5 18. Bd6+ Kg7 19. Ba6 Ne4 20. Ba3 Bf6 21. Ne5 Bc8 22. Bb5 Bb7 23. f3 Nd2 24. Rc7 Rab8 25. Rxf7+ Kg8 26. Rxf6 a6 27. Bd7 Bc8 28. Be8 Kg7 29. Rg6+ Kh7 30. Ng4 Bxg4 31. Re7# 1-0

[Event "CRO-ch U19"]
[Site "Vinkovci"]
[Date "2016.07.31"]
[Round "9"]
[White "Podobnik, Eugen"]
[Black "Kovac, Mihael"]
[Result "1-0"]
[WhiteElo "1403"]
[BlackElo "1749"]
[PlyCount "91"]
[EventDate "2016.07.25"]
[EventType "swiss"]
[EventRounds "9"]
[EventCountry "CRO"]
[SourceTitle "CBM 173 Extra"]
[Source "ChessBase"]
[SourceDate "2016.08.29"]
[SourceVersion "1"]
[SourceVersionDate "2016.08.29"]
[SourceQuality "1"]

1. e4 c5 2. Nc3 e6 3. Nf3 Nc6 4. d4 cxd4 5. Nxd4 a6 6. Nxc6 bxc6 7. Bf4 d5 8. Bd3 Ne7 9. 0-0 Ng6 10. Bg3 Bd6 11. Bxd6 Qxd6 12. exd5 cxd5 13. g3 0-0 14. Re1 Bb7 15. Qe2 Rfe8 16. Bxg6 hxg6 17. b3 Qc6 18. Qf3 Rac8 19. Na4 Qxc2 20. Rec1 Qf5 21. Qxf5 gxf5 22. Nc5 Bc6 23. Nxa6 d4 24. f4 Bf3 25. Kf2 Bg4 26. Ke1 f6 27. Kd2 e5 28. Nc7 Re7 29. Nd5 Rxc1 30. Nxe7+ Kf7 31. Rxc1 Kxe7 32. Rc7+ Kd6 33. Rc4 Kd5 34. Rc8 Ke4 35. a4 exf4 36. gxf4 Kxf4 37. a5 Bf3 38. a6 g5 39. a7 Kg4 40. a8Q Bxa8 41. Rxa8 f4 42. Rd8 Kf3 43. Rxd4 Kg2 44. h4 gxh4 45. Rxf4 h3 46. Rxf6 1-0

[Event "CRO-ch U19"]
[Site "Vinkovci"]
[Date "2016.07.28"]
[Round "6"]
[White "Podobnik, Eugen"]
[Black "Raguz, Ivan"]
[Result "0-1"]
[WhiteElo "1403"]
[BlackElo "1772"]
[PlyCount "108"]
[EventDate "2016.07.25"]
[EventType "swiss"]
[EventRounds "9"]
[EventCountry "CRO"]
[SourceTitle "CBM 173 Extra"]
[Source "ChessBase"]
[SourceDate "2016.08.29"]
[SourceVersion "1"]
[SourceVersionDate "2016.08.29"]
[SourceQuality "1"]

1. e4 e5 2. f4 d5 3. exd5 exf4 4. Nf3 Nf6 5. Bc4 Bd6 6. d4 0-0 7. 0-0 Bg4 8. Qd3 Nbd7 9. Nc3 Nb6 10. Bb3 Bb4 11. Bxf4 Bxc3 12. bxc3 Nfxd5 13. Bxd5 Nxd5 14. Bg5 Qd6 15. Ne5 Be6 16. Nc4 Qa6 17. Bd2 Nxc3 18. Qxc3 Qxc4 19. Qxc4 Bxc4 20. Rf5 c6 21. Rb1 b5 22. a3 Rfe8 23. Re5 f6 24. Rxe8+ Rxe8 25. Re1 Rxe1+ 26. Bxe1 Kf7 27. Kf2 Ke6 28. Bb4 g6 29. Ke3 h5 30. Be1 g5 31. h4 Kf5 32. g3 gxh4 33. gxh4 Kg4 34. Bf2 f5 35. c3 f4+ 36. Kd2 Kf3 37. Ke1 Ke4 38. Kd2 a5 39. Bg1 Kf3 40. Ke1 Ke4 41. Kd2 Be6 42. Bf2 Kd5 43. Kc1 Kc4 44. Kd2 Kb3 45. d5 Bxd5 46. Bc5 f3 47. Bd6 Bc4 48. Ke3 Kxc3 49. Kxf3 b4 50. axb4 axb4 51. Be5+ Kc2 52. Ke3 b3 53. Ba1 b2 54. Bxb2 Kxb2 0-1

[Event "CRO-ch U19"]
[Site "Vinkovci"]
[Date "2016.07.26"]
[Round "2"]
[White "Pavic, Filip"]
[Black "Podobnik, Eugen"]
[Result "1-0"]
[WhiteElo "2209"]
[BlackElo "1403"]
[PlyCount "25"]
[EventDate "2016.07.25"]
[EventType "swiss"]
[EventRounds "9"]
[EventCountry "CRO"]
[SourceTitle "CBM 173 Extra"]
[Source "ChessBase"]
[SourceDate "2016.08.29"]
[SourceVersion "1"]
[SourceVersionDate "2016.08.29"]
[SourceQuality "1"]

1. e4 e6 2. d4 d5 3. Nc3 Nc6 4. Nf3 Bb4 5. Bd3 Nge7 6. 0-0 Ba5 7. a3 Ng6 8. Bg5 f6 9. Be3 Bxc3 10. bxc3 e5 11. exd5 Qxd5 12. dxe5 Ngxe5 13. Bg6+ 1-0

[Event "Kastav Summer op"]
[Site "Kastav"]
[Date "2015.08.19"]
[Round "2"]
[White "Skrbec, Leon"]
[Black "Podobnik, Eugen"]
[Result "1/2-1/2"]
[WhiteElo "1177"]
[BlackElo "1456"]
[PlyCount "88"]
[EventDate "2015.08.19"]
[EventType "swiss"]
[EventRounds "9"]
[EventCountry "CRO"]
[SourceTitle "EXT 2016"]
[Source "ChessBase"]
[SourceDate "2015.10.08"]
[SourceVersion "1"]
[SourceVersionDate "2015.10.08"]
[SourceQuality "1"]

1. d4 c5 2. e3 Nf6 3. Nf3 d5 4. c4 Nc6 5. Nc3 Bg4 6. h3 Bh5 7. cxd5 Nxd5 8. Be2 e6 9. 0-0 Nxc3 10. bxc3 Bxf3 11. Bxf3 cxd4 12. cxd4 Bd6 13. Bxc6+ bxc6 14. Qc2 Qc7 15. Bd2 h5 16. e4 f6 17. f4 Rg8 18. Qd1 g6 19. Be3 Qh7 20. e5 Be7 21. Qb3 Kf7 22. exf6 Kxf6 23. Rac1 Rgc8 24. Qb2 Kf7 25. Qb7 Qg8 26. Rxc6 Rxc6 27. Qxc6 Qc8 28. Rc1 Qd8 29. Qa6 Qd5 30. Qc4 Qxc4 31. Rxc4 Ke8 32. Kh2 Kd7 33. Kg3 Rc8 34. Rxc8 Kxc8 35. Kf3 Kd7 36. g4 Kd6 37. Ke4 a6 38. g5 Bd8 39. Bd2 Bc7 40. a4 Kc6 41. Bc3 Bb8 42. h4 Bc7 43. Bb4 Bb8 44. Ba5 Bd6 1/2-1/2

[Event "CRO-ch U15 21th"]
[Site "Osijek"]
[Date "2012.06.19"]
[Round "2"]
[White "Podobnik, Eugen"]
[Black "Turcin, Lovro"]
[Result "0-1"]
[WhiteElo "1438"]
[BlackElo "1753"]
[PlyCount "76"]
[EventDate "2012.06.19"]
[EventType "swiss"]
[EventRounds "9"]
[EventCountry "CRO"]
[SourceTitle "EXT 2013"]
[Source "ChessBase"]
[SourceDate "2012.11.22"]
[SourceVersion "1"]
[SourceVersionDate "2012.11.22"]
[SourceQuality "1"]

1. e4 e5 2. Nc3 Nf6 3. Nf3 Nc6 4. Bb5 Nd4 5. d3 Nxb5 6. Nxb5 c6 7. Nc3 d6 8. Bg5 Bg4 9. h3 Bh5 10. g4 Bg6 11. Qe2 Qb6 12. b3 0-0-0 13. Bxf6 gxf6 14. Na4 Qc7 15. Rd1 d5 16. Nd2 Qa5 17. 0-0 h5 18. c4 d4 19. f4 hxg4 20. Qxg4+ Kb8 21. Nf3 Ba3 22. Kh2 b5 23. fxe5 fxe5 24. Nxe5 Qc7 25. Qf4 Bd6 26. Nc5 Bxe5 27. Na6+ Kb7 28. Nxc7 Bxf4+ 29. Rxf4 Kxc7 30. cxb5 cxb5 31. Rc1+ Kb7 32. a4 Rc8 33. Ra1 Rc2+ 34. Kg3 Rc3 35. axb5 Rxd3+ 36. Rf3 Rxh3+ 37. Kxh3 Rxf3+ 38. Kg4 Rxb3 0-1